|
|
|
|
| LEADER |
00000cam a22000004a 4500 |
| 001 |
musev2_40646 |
| 003 |
MdBmJHUP |
| 005 |
20230905044249.0 |
| 006 |
m o d |
| 007 |
cr||||||||nn|n |
| 008 |
150203s2015 ilu o 00 0 eng d |
| 010 |
|
|
|z 2015004446
|
| 020 |
|
|
|a 9780810131248
|
| 020 |
|
|
|z 9780810131231
|
| 020 |
|
|
|z 9780810131866
|
| 035 |
|
|
|a (OCoLC)911594419
|
| 040 |
|
|
|a MdBmJHUP
|c MdBmJHUP
|
| 100 |
1 |
|
|a Komaromi, Ann,
|e author.
|
| 245 |
1 |
0 |
|a Uncensored :
|b Samizdat Novels and the Quest for Autonomy in Soviet Dissidence /
|c Ann Komaromi.
|
| 264 |
|
1 |
|a Evanston, Illinois :
|b Northwestern University Press,
|c 2015.
|
| 264 |
|
3 |
|a Baltimore, Md. :
|b Project MUSE,
|c 2015
|
| 264 |
|
4 |
|c ©2015.
|
| 300 |
|
|
|a 1 online resource (266 pages).
|
| 336 |
|
|
|a text
|b txt
|2 rdacontent
|
| 337 |
|
|
|a computer
|b c
|2 rdamedia
|
| 338 |
|
|
|a online resource
|b cr
|2 rdacarrier
|
| 490 |
0 |
|
|a Northwestern University Press studies in Russian literature and theory
|
| 505 |
0 |
0 |
|t Writing the free self : cultural autonomy and the dissident subject in the late Soviet era --
|t Literature and the field of dissidence --
|t Aksenov's the burn : searing the hearts of men --
|t Bitov's Pushkin house : deconstructing the late Soviet subject --
|t On the knife's edge : Venichka's performance in Moscow stations --
|t Samizdat and the extra-Gutenberg condition --
|t Conclusion: Soviet dissidence and critical subjectivity in an extra-Gutenberg age.
|
| 588 |
|
|
|a Description based on print version record.
|
| 650 |
|
7 |
|a Slavic, Baltic and Albanian Languages & Literatures.
|2 hilcc
|
| 650 |
|
7 |
|a Languages & Literatures.
|2 hilcc
|
| 650 |
|
7 |
|a Underground press publications.
|2 fast
|0 (OCoLC)fst01160984
|
| 650 |
|
7 |
|a Underground literature.
|2 fast
|0 (OCoLC)fst01160944
|
| 650 |
|
7 |
|a Russian fiction
|x Political aspects.
|2 fast
|0 (OCoLC)fst01102018
|
| 650 |
|
7 |
|a Russian fiction.
|2 fast
|0 (OCoLC)fst01102012
|
| 650 |
|
7 |
|a LITERARY CRITICISM
|x General.
|2 bisacsh
|
| 650 |
|
6 |
|a Litterature clandestine
|z URSS
|x Histoire et critique.
|
| 650 |
|
6 |
|a Presse parallele
|z URSS.
|
| 650 |
|
6 |
|a Roman russe
|y 20e siecle
|x Histoire et critique.
|
| 650 |
|
6 |
|a Roman russe
|y 20e siecle
|x Aspect politique.
|
| 650 |
|
0 |
|a Underground literature
|z Soviet Union
|x History and criticism.
|
| 650 |
|
0 |
|a Underground press publications
|z Soviet Union.
|
| 650 |
|
0 |
|a Russian fiction
|y 20th century
|x History and criticism.
|
| 650 |
|
0 |
|a Russian fiction
|y 20th century
|x Political aspects.
|
| 651 |
|
7 |
|a Soviet Union.
|2 fast
|0 (OCoLC)fst01210281
|
| 655 |
|
7 |
|a Criticism, interpretation, etc.
|2 fast
|0 (OCoLC)fst01411635
|
| 655 |
|
7 |
|a Electronic books.
|2 local
|
| 710 |
2 |
|
|a Project Muse.
|e distributor
|
| 830 |
|
0 |
|a Book collections on Project MUSE.
|
| 856 |
4 |
0 |
|z Texto completo
|u https://projectmuse.uam.elogim.com/book/40646/
|
| 945 |
|
|
|a Project MUSE - Custom Collection
|
| 945 |
|
|
|a Project MUSE - 2015 Russian and East European Studies
|
| 945 |
|
|
|a Project MUSE - 2015 Literature
|
| 945 |
|
|
|a Project MUSE - 2015 Complete
|